Greek Mythology - Statistics

General Stats
  • This quiz has been taken 285 times
  • The average score is 12 of 16
Answer Stats
God Name What they are god of % Correct
Aphrodite Love/Beauty
97%
Poseidon Sea/Horses
97%
Zeus Lightning/Sky/Thunder
96%
Hades Underworld
96%
Ares War
96%
Dionysus Wine
94%
Athena Crafts/Wisdom
88%
Hephaestus Blacksmiths/Fire
85%
Hera Marriage/Childbirth
83%
Thanatos Death
78%
Hestia Hearth
75%
Hermes Messengers/Travellers/Thieves
66%
Nemesis Revenge
63%
Kratos Strength
22%
The Erinyes Fate
19%
Orcus Broken Vows/Punishment
10%
No matching quizzes found
Score Distribution
Percent of People with Each Score
Percentile by Number Answered
Your Score History
You have not taken this quiz